000 00977nam a2200253Ia 4500
003 OSt
005 20210812095211.0
008 210310s1998 ck fr 000 0 spa d
020 _a9588007178
040 _aCO-JMCR
_cCO-JMCR
041 0 _aspa
082 0 4 _a332.62 /
_bF156m
_223
100 1 _aFagua G., Néstor,
_916200
_eautor
245 1 0 _aMarket makers o especialistas del mercado bursátil /
_cNéstor Fagua G.
250 _aPrimera edición
260 _aBogotá :
_bSuperintendencia de Valores,
_c1998
300 _a97 páginas ;
_c24 cm.
500 _aIncluye notas a pie de página.
504 _aBibliografía: página 97
505 0 _aUbicación dentro del marco normativo colombiano -- Análisis comparativo de la experiencia internacional -- Diferencia entre los contratos de liquidez y los Market Markers -- Ubicación conceptual dentro del mercado local
650 1 4 _aCorredores de bolsa
_916951
650 2 4 _aBolsa de valores
_95898
942 _2ddc
_cBK
999 _c8327
_d8327